| 000 | 00569nmm a2200205 a 4500 | ||
|---|---|---|---|
| 003 | AR-X00000XY | ||
| 005 | 20251128212017.0 | ||
| 008 | 117020s1955 ||||||||||||||000 | spa|| | ||
| 040 | _cAR-X00000XY | ||
| 245 | 1 | 0 | _aPoesÃa norteamericana contemporánea |
| 260 |
_aBuenos Aires _bRaigal _c1955 |
||
| 300 | 0 | _a254 p. | |
| 500 | 0 | _aCon firma y subrayado de Alejandra Pizarnik | |
| 655 | _aLITERATURA | ||
| 700 | 1 |
_aShand, William _ecompilador |
|
| 700 | 1 |
_aGirri, Alberto _eprologuista |
|
| 700 | 1 |
_aChase, Gilbert _eprologuista |
|
| 942 | _cBK | ||
| 998 | _cmartin | ||
| 999 |
_c22055 _d22055 |
||